[Event "19th Czech Open Synthesia Rapid"]
[Site "Pardubice CZE"]
[Date "2008.07.17"]
[Round "9"]
[White "Korobov,A"]
[Black "Najer,E"]
[Result "1-0"]
[WhiteElo "2590"]
[BlackElo "2670"]

1.d4 d5 2.c4 c6 3.Nc3 Nf6 4.Nf3 e6 5.Bg5 h6 6.Bxf6 Qxf6 7.e3 Nd7 8.Qc2 g6
9.Bd3 dxc4 10.Bxc4 Bg7 11.O-O O-O 12.Rfe1 a6 13.Bb3 Qe7 14.h4 g5 15.h5 b6
16.Rad1 Bb7 17.e4 c5 18.d5 b5 19.a3 g4 20.Nh2 c4 21.Ba2 Ne5 22.Nf1 Qg5 23.Ng3 Rac8
24.Bb1 Nd3 25.Rf1 Rcd8 26.Qe2 Nf4 27.Qe3 exd5 28.exd5 Rfe8 29.Qb6 Bxd5 30.Nxd5 Rxd5
31.Qxa6 Bxb2 32.a4 Qd8 33.Qxh6 Nd3 34.axb5 Re6 35.Qd2 Bg7 36.Qc2 Qc7 37.Ba2 Rc5
38.Rxd3 cxd3 39.Qxd3 Rd6 40.Qe4 Rd4 41.Qe8+ Bf8 42.Re1 Rc2 43.b6 Qf4 44.Ne2 Qf6
45.Qxf7+ Qxf7 46.Bxf7+ Kxf7 47.Nxd4 Rb2 48.Re4 g3 49.fxg3 Bc5 50.Kh2 Rxb6
51.Nf3 Bd6 52.Kh3 Rb3 53.g4 Rb1 54.g5 Rb2 55.Rd4 Bc5 56.Rd5 Rc2 57.g6+ Ke6
58.Rg5  1-0

[Event "19th Czech Chladek & Tintera A Open"]
[Site "Pardubice CZE"]
[Date "2008.07.18"]
[Round "1"]
[White "Molnar,P SVK"]
[Black "Korobov,A"]
[Result "0-1"]
[WhiteElo "2306"]
[BlackElo "2590"]

1.c4 e5 2.g3 Nf6 3.Bg2 d5 4.cxd5 Nxd5 5.Nc3 Nb6 6.d3 Be7 7.Be3 O-O 8.Rc1 f5
9.Nf3 Nc6 10.Qb3+ Kh8 11.O-O Bf6 12.Na4 Nxa4 13.Qxa4 Bd7 14.Qb3 Rb8 15.Rfd1 Qe8
16.Qc2 Qf7 17.b3 a6 18.Bc5 Rfe8 19.e3 Be6 20.Ba3 Rbd8 21.Bb2 Qh5 22.Bc3 Bd5
23.Nd2 Bxg2 24.Kxg2 f4 25.Nf3 Rb8 26.Rf1 Re6 27.e4 Be7 28.Qe2 Rh6 29.Rh1 Qh3+
30.Kg1 fxg3  0-1

[Event "19th Czech Chladek & Tintera A Open"]
[Site "Pardubice CZE"]
[Date "2008.07.20"]
[Round "3"]
[White "Boskovic,D"]
[Black "Korobov,A"]
[Result "0-1"]
[WhiteElo "2455"]
[BlackElo "2590"]

1.c4 e5 2.Nc3 Nf6 3.a3 d5 4.cxd5 Nxd5 5.Qc2 Nc6 6.e3 g6 7.Nf3 Bg7 8.Nxd5 Qxd5
9.Bc4 Qd8 10.h3 O-O 11.e4 Kh8 12.b4 f5 13.d3 Nd4 14.Nxd4 exd4 15.Ra2 f4 16.Bb3 Bd7
17.Bd2 Be5 18.Qb1 Qh4 19.Kd1 Qg5 20.Rh2 Rac8 21.Be1 f3 22.g3 Qh5  0-1

[Event "19th Czech Chladek & Tintera A Open"]
[Site "Pardubice CZE"]
[Date "2008.07.26"]
[Round "9"]
[White "Hasangatin,R"]
[Black "Korobov,A"]
[Result "0-1"]
[WhiteElo "2485"]
[BlackElo "2590"]

1.e4 e6 2.d3 d5 3.Qe2 Be7 4.Nf3 c5 5.g3 Nc6 6.Bg2 Nf6 7.O-O b6 8.e5 Nd7 9.c4 d4
10.Ne1 Bb7 11.f4 Qc7 12.Nd2 O-O-O 13.Ne4 Rdf8 14.Bd2 h6 15.a3 g5 16.Nf3 gxf4
17.gxf4 f5 18.Ng3 Rfg8 19.Kf2 h5 20.Bh3 Nd8 21.Rg1 Nf7 22.Nxf5 exf5 23.e6 Nh6
24.exd7+ Qxd7 25.Rxg8+ Rxg8 26.Rg1 Ng4+ 27.Ke1 Re8 28.Bxg4 fxg4 29.Ne5 Bh4+
30.Rg3 Qf5 31.Kf1 Bxg3 32.hxg3 h4 33.Be1 Bf3 34.Qd2 Rxe5 35.fxe5 Be2+  0-1

[Event "1st WMSG Blitz Ind"]
[Site "Beijing CHN"]
[Date "2008.10.04"]
[Round "2"]
[White "Reinderman,D"]
[Black "Korobov,A"]
[Result "0-1"]
[WhiteElo "2543"]
[BlackElo "2605"]

1.c4 e5 2.g3 Nf6 3.Bg2 d5 4.cxd5 Nxd5 5.Nf3 Nc6 6.O-O Nb6 7.d3 Be7 8.b3 Bf6
9.e4 Bg4 10.h3 Bh5 11.Bb2 O-O 12.g4 Bg6 13.Qe2 Nd7 14.Rc1 Re8 15.Nbd2 Nf8
16.Rxc6 bxc6 17.Nc4 Ne6 18.Ncxe5 c5 19.Rc1 a5 20.Nc6 Qd6 21.e5 Qxc6 22.exf6 Nf4
23.Qd2 Nxg2 24.Kxg2 Rad8 25.d4 Be4 26.Qf4 Re6 27.d5 Qxd5 28.fxg7  0-1

[Event "1st WMSG Blitz Ind"]
[Site "Beijing CHN"]
[Date "2008.10.04"]
[Round "8"]
[White "Bu Xiangzhi"]
[Black "Korobov,A"]
[Result "0-1"]
[WhiteElo "2714"]
[BlackElo "2605"]

1.Nf3 d5 2.d4 c6 3.c4 e6 4.Bg5 Nf6 5.Qc2 Nbd7 6.e3 Qa5+ 7.Nbd2 Ne4 8.cxd5 Nxg5
9.Nxg5 exd5 10.Bd3 Be7 11.Nf3 h6 12.O-O O-O 13.a3 Qd8 14.b4 a5 15.b5 c5 16.dxc5 Nxc5
17.Bh7+ Kh8 18.Bf5 Bxf5 19.Qxf5 Qb6 20.Nd4 Bf6 21.Qxd5 Rad8 22.Nc4 Qc7 23.Qf5 Ne6
24.Rac1 Bxd4 25.exd4 Nxd4 26.Qd3 Rfe8 27.Ne3 Qxc1 28.Rxc1 Nf3+ 29.gxf3 Rxd3
30.Rc7 Rxa3 31.Rxf7 Rb3 32.Rxb7 a4 33.Ra7 a3 34.Nc4 Rxb5 35.Rxa3 Re1+ 36.Kg2 Rg5+
37.Kh3 Reg1 38.Kh4 R5g2 39.Kh3 Rxf2 40.Ne5 Kh7 41.Ng4 Rff1 42.Rb3 h5 43.Ne5 Rf2
44.Rb5 Rgg2 45.Nd3 Rxh2+ 46.Kg3 Rfg2+ 47.Kf4 Rg6 48.Ne5 Rh4+ 49.Ke3 Re6 50.Kf2 Ra4
51.Kg3 Rd6 52.Nf7 Rd1 53.Ng5+ Kg6 54.Ne4 Rg1+ 55.Kf4 h4 56.Rb6+ Kh7 57.Rb5 g6
58.Rb7+ Kh6 59.Rb8 Kg7 60.Rb7+ Kh6 61.Rb8 Rc4 62.Ke5 Rc7 63.Nf6 Re7+ 64.Kd6 Re3
65.Ne4 Rxf3 66.Rh8+ Kg7 67.Rxh4 Re1 68.Nc5 g5 69.Ra4 Kg6 70.Nd7 Rd3+ 71.Kc6 Rc1+
72.Nc5 Rdc3  0-1

[Event "1st WMSG Blitz Ind"]
[Site "Beijing CHN"]
[Date "2008.10.04"]
[Round "9"]
[White "Korobov,A"]
[Black "Drozdovskij,Y"]
[Result "1-0"]
[WhiteElo "2605"]
[BlackElo "2587"]

1.c4 e5 2.Nc3 Nc6 3.g3 Nf6 4.Bg2 Bc5 5.Nf3 O-O 6.O-O d6 7.d3 h6 8.Na4 Bb6
9.Nxb6 axb6 10.b3 Qe7 11.Bb2 Be6 12.d4 e4 13.d5 exf3 14.exf3 Bd7 15.dxc6 Bxc6
16.Re1 Qd8 17.Qd4 Re8 18.a4 Qd7 19.Re3 Re7 20.Rae1 Rae8 21.g4 Re5 22.h4 R8e7
23.Kh2 Rxe3 24.fxe3 Ne8 25.Kg3 d5 26.cxd5 Bxd5 27.b4 Qd6+ 28.Qf4 Qc6 29.e4 Qxa4
30.Ra1 Qc2 31.Bxg7 Kxg7 32.exd5 Nf6 33.Qd4 Re2 34.Bf1 Rd2 35.Qe3 Rxd5 36.Rc1 Qb2
37.Rxc7 Re5 38.Qc3 Qxc3 39.Rxc3 Nd5 40.Rc4 Ne3 41.Rc1 Nxf1+ 42.Rxf1 Re3 43.Rb1 Rc3
44.b5 Kf6 45.Rb4 Rc5 46.Kf4 Kg6 47.h5+ Kf6 48.Ke4 Kg5 49.Rd4 Rxb5 50.Rd7 Rb4+
51.Ke5 f6+ 52.Ke6 Rb3 53.Rg7+ Kf4 54.Kxf6 Kxf3 55.g5 hxg5 56.h6 Kf4 57.Rxg5 Rh3
58.Kg6 Ke4 59.Rh5 Rg3+ 60.Rg5 Rh3 61.h7 Kd4 62.Rh5 Rg3+ 63.Kh6  1-0

[Event "1st WMSG Rapid Ind"]
[Site "Beijing CHN"]
[Date "2008.10.06"]
[Round "5"]
[White "Bartel,Mat"]
[Black "Korobov,A"]
[Result "1/2-1/2"]
[WhiteElo "2602"]
[BlackElo "2605"]

1.e4 e6 2.d4 d5 3.Nc3 Bb4 4.e5 c5 5.Bd2 Ne7 6.Nb5 Bxd2+ 7.Qxd2 O-O 8.c3 Nbc6
9.f4 Nf5 10.dxc5 b6 11.cxb6 Qxb6 12.Nf3 Rb8 13.b3 Bd7 14.Nbd4 Nfxd4 15.cxd4 Rfc8
16.Bd3 Nb4 17.Rd1 Nxd3+ 18.Qxd3 Qb4+ 19.Qd2 Rc2 20.Qxb4 Rxb4 21.O-O Rxa2
22.Ra1 Rxa1 23.Rxa1 Rb7 24.Nd2 h6 25.Kf2 Rc7 26.Ra5  1/2-1/2

[Event "1st WMSG Rapid Ind"]
[Site "Beijing CHN"]
[Date "2008.10.07"]
[Round "8"]
[White "Korobov,A"]
[Black "Adianto,U"]
[Result "1-0"]
[WhiteElo "2605"]
[BlackElo "2554"]

1.d4 d5 2.c4 dxc4 3.e3 Nf6 4.Bxc4 a6 5.Nf3 e6 6.O-O b5 7.Bb3 c5 8.a4 b4 9.e4 Bb7
10.e5 Nd5 11.Nbd2 cxd4 12.Nc4 Be7 13.Qxd4 Nd7 14.Qg4 Kf8 15.h4 Nc5 16.Bc2 b3
17.Bb1 h6 18.Rd1 Rc8 19.Bf4 h5 20.Qg3 Ne4 21.Bxe4 Rxc4 22.Ng5 Bxg5 23.Bxg5 f6
24.Qxb3 Rxe4 25.Qxb7 Qe7 26.Qc8+ Qe8 27.Rac1 Kf7 28.Qxa6 Qxa4 29.Qb7+ Kg6
30.Rxd5 exd5 31.Rc7 Rxe5 32.Rxg7+ Kf5 33.Qf7 Ke4 34.Qxf6 Qd1+ 35.Kh2 Rhe8
36.Qf4+ Kd3 37.Rc7 d4 38.Rc1 Qe2 39.b4 R5e6 40.Qg3+ Ke4 41.f3+ Kf5 42.Rc5+ Re5
43.Rc6 R5e6 44.Rc5+ Re5 45.Qf4+ Kg6 46.Qf6+ Kh7 47.Rc7+ R8e7 48.Rxe7+ Rxe7
49.Qxe7+ Qxe7 50.Bxe7 d3 51.Bg5 Kg6 52.Bd2  1-0

[Event "1st WMSG Blitz Team"]
[Site "Beijing CHN"]
[Date "2008.10.13"]
[Round "1"]
[White "Smerdon,D"]
[Black "Korobov,A"]
[Result "0-1"]
[WhiteElo "2470"]
[BlackElo "2605"]

1.e4 e6 2.d4 d5 3.e5 c5 4.c3 Nc6 5.Nf3 Bd7 6.Bd3 Rc8 7.O-O cxd4 8.cxd4 Nb4
9.Nc3 Nxd3 10.Qxd3 Ne7 11.Bg5 h6 12.Be3 Nf5 13.Rac1 a6 14.Rc2 Be7 15.Rfc1 O-O
16.a3 Qb6 17.Na4 Qd8 18.Nc5 Bb5 19.Qd2 b6 20.Nb3 Qd7 21.Rxc8 Rxc8 22.Rxc8+ Qxc8
23.Qc1 Qc4 24.Qxc4 dxc4 25.Nbd2 a5 26.Ne4 Bc6 27.Nc3 b5 28.Nd2 b4 29.axb4 axb4
30.Nce4 Bd5 31.Nc5 c3 32.bxc3 bxc3 33.Ndb3 Nxe3 34.fxe3 Bxc5 35.Nxc5 Bc4  0-1

[Event "1st WMSG Blitz Team"]
[Site "Beijing CHN"]
[Date "2008.10.13"]
[Round "4"]
[White "Paragua,M"]
[Black "Korobov,A"]
[Result "0-1"]
[WhiteElo "2526"]
[BlackElo "2605"]

1.e4 e6 2.d3 d5 3.Qe2 Be7 4.Nf3 c5 5.g3 Nc6 6.Bg2 Nf6 7.O-O O-O 8.e5 Nd7
9.c4 b5 10.cxb5 Na5 11.d4 a6 12.dxc5 Bxc5 13.Nc3 axb5 14.Bg5 Qb6 15.Qxb5 Qxb5
16.Nxb5 Ba6 17.a4 Nb3 18.Rad1 Bxb5 19.axb5 Rfb8 20.Rd3 Rxb5 21.Rc3 h6 22.Be3 Ra2
23.Bxc5 Ndxc5 24.Rb1 Rb4 25.Bf1 g5 26.h3 Kg7 27.Kh2 Ne4 28.Rc2 Nbc5 29.Ne1 Rb3
30.f3 Nc3 31.Rbc1 Rbxb2 32.Kg1 Rxc2 33.Nxc2 Nb3  0-1

[Event "1st WMSG Blitz Team"]
[Site "Beijing CHN"]
[Date "2008.10.13"]
[Round "5"]
[White "Korobov,A"]
[Black "Ghaem Maghami,E"]
[Result "1/2-1/2"]
[WhiteElo "2605"]
[BlackElo "2599"]

1.d4 Nf6 2.c4 e6 3.Nc3 Bb4 4.e3 c5 5.Bd3 b6 6.Ne2 Bb7 7.O-O O-O 8.a3 Bxc3
9.Nxc3 d5 10.dxc5 bxc5 11.cxd5 exd5 12.b4 cxb4 13.axb4 Nc6 14.b5 Ne5 15.Be2 Qc7
16.Qd4 Rfc8 17.Bd2 Nc4 18.Be1 Qb6 19.Qh4 a6 20.bxa6 Rxa6 21.Rb1 Qc6 22.Nb5 Qd7
23.Nd4 Ra2 24.Bf3 Ne5 25.Bd1 Ng6 26.Qg5 h6 27.Qg3 Ba6 28.Bb3 Bxf1 29.Bxa2 Bc4
30.Bxc4 dxc4 31.Qf3 c3 32.Rc1 Ne5 33.Qf5 Qxf5 34.Nxf5 Nd5 35.e4 g6 36.Nxh6+ Kg7
37.exd5 c2 38.Bd2 Nd3 39.Rf1 c1=Q 40.Bxc1 Nxc1  1/2-1/2

[Event "1st WMSG Blitz Team"]
[Site "Beijing CHN"]
[Date "2008.10.13"]
[Round "10"]
[White "Gurevich,M1"]
[Black "Korobov,A"]
[Result "1-0"]
[WhiteElo "2634"]
[BlackElo "2605"]

1.c4 e5 2.Nc3 Nf6 3.Nf3 Nc6 4.a3 g6 5.d3 Bg7 6.g3 O-O 7.Bg2 a5 8.O-O d6 9.Rb1 Re8
10.Bg5 h6 11.Bxf6 Bxf6 12.b4 axb4 13.axb4 Bg7 14.b5 Ne7 15.Qc2 Be6 16.Nd2 Rb8
17.Ra1 d5 18.cxd5 Nxd5 19.Nxd5 Bxd5 20.Bxd5 Qxd5 21.Rab1 Ra8 22.Rfd1 Rec8
23.Qc4 Qxc4 24.Nxc4 Ra2 25.Kf1 Rd8 26.Rd2 Rxd2 27.Nxd2 f5 28.f3 Kf7 29.Rc1 Rd7
30.Nc4 Ke6 31.Na5 b6 32.Nc6 Rd5 33.Nb8 Rc5 34.Rxc5 bxc5 35.e4 h5 36.h3 Bf8
37.Ke2 Bd6 38.Nc6 Kf6 39.Na5 Be7 40.Nc4 Ke6 41.Kd1 Bd8 42.Kc2 g5 43.g4 fxe4
44.fxe4 hxg4 45.hxg4 Be7 46.Kb3 Bf8 47.Ne3 Be7 48.Kc4 Bf8 49.Nd5 Bd6 50.Nc3 Kd7
51.Na4 Ke7 52.Kd5  1-0

[Event "1st WMSG Rapid Team"]
[Site "Beijing CHN"]
[Date "2008.10.14"]
[Round "1"]
[White "Korobov,A"]
[Black "Ragger,M"]
[Result "1/2-1/2"]
[WhiteElo "2605"]
[BlackElo "2518"]

1.d4 d5 2.c4 c6 3.Nc3 Nf6 4.Nf3 dxc4 5.a4 Bf5 6.Ne5 Nbd7 7.Nxc4 Qc7 8.g3 e5
9.dxe5 Nxe5 10.Bf4 Nfd7 11.Bg2 g5 12.Ne3 gxf4 13.Nxf5 O-O-O 14.Qc2 Kb8 15.Rd1 Ng6
16.Qb3 Bc5 17.O-O Nf6 18.Qc4 Qe5 19.Nh6 fxg3 20.hxg3 Qh5 21.Bf3 Qg5 22.Kg2 Qxh6
23.Qxc5 Nf4+ 24.Kg1 Nh3+ 25.Kg2 Nf4+ 26.Kg1  1/2-1/2

[Event "1st WMSG Rapid Team"]
[Site "Beijing CHN"]
[Date "2008.10.14"]
[Round "2"]
[White "Hussein,NA"]
[Black "Korobov,A"]
[Result "0-1"]
[WhiteElo "2338"]
[BlackElo "2605"]

1.e4 c5 2.Nf3 Nc6 3.Bc4 Nf6 4.d3 d6 5.c3 e6 6.Bb3 Be7 7.O-O O-O 8.Re1 b6
9.Nbd2 Bb7 10.a3 Ne5 11.Bc2 Rc8 12.d4 cxd4 13.cxd4 Ng6 14.Bd3 Rc7 15.Nb1 d5
16.e5 Ne4 17.Nbd2 Qa8 18.g3 f6 19.exf6 Rxf6 20.Qe2 h6 21.Kg2 Bd6 22.Nxe4 dxe4
23.Bxe4 Rcf7 24.Nd2 Rxf2+ 25.Qxf2 Rxf2+ 26.Kxf2 Ne7 27.Bxb7 Qxb7 28.Nf3 Qd5
29.Bd2 Nf5 30.Bc3 g5 31.Rad1 g4 32.Ng1 e5 33.dxe5 Bc5+ 34.Ke2 Qe4+ 35.Kd2 Ne3  0-1

[Event "1st WMSG Rapid Team"]
[Site "Beijing CHN"]
[Date "2008.10.15"]
[Round "5"]
[White "Korobov,A"]
[Black "Slapikas,V"]
[Result "1-0"]
[WhiteElo "2605"]
[BlackElo "2357"]

1.d4 Nf6 2.c4 d6 3.Nf3 Nbd7 4.Nc3 e5 5.e4 c6 6.Be2 Be7 7.O-O O-O 8.Qc2 Qc7
9.Bg5 Re8 10.Rad1 a6 11.a4 a5 12.Kh1 exd4 13.Nxd4 Nc5 14.f3 Bd7 15.Bf4 Rad8
16.g4 Bc8 17.g5 Nfd7 18.Rg1 Nf8 19.Be3 Ng6 20.f4 Bf8 21.f5 Ne5 22.Nb3 Nxb3
23.Qxb3 Nd7 24.Qc2 Nc5 25.Bd4 b6 26.Bf3 Na6 27.Qf2 Nc5 28.Qh4 Nb3 29.Bf6 Rd7
30.Rg3 d5 31.Rh3 h6 32.gxh6 gxf6 33.Rg1+ Kh7 34.Qg4  1-0

[Event "1st WMSG Rapid Team"]
[Site "Beijing CHN"]
[Date "2008.10.16"]
[Round "7"]
[White "Korobov,A"]
[Black "Paragua,M"]
[Result "1-0"]
[WhiteElo "2605"]
[BlackElo "2526"]

1.d4 d5 2.c4 c6 3.Nc3 Nf6 4.Nf3 dxc4 5.a4 Bf5 6.Ne5 Nbd7 7.Nxc4 Qc7 8.g3 e5
9.dxe5 Nxe5 10.Bf4 Nfd7 11.Bg2 g5 12.Ne3 gxf4 13.Nxf5 O-O-O 14.Qc2 Ng6 15.O-O-O Kb8
16.Ne4 Bb4 17.Rd4 a5 18.Rhd1 Nde5 19.Kb1 h5 20.Qc1 Rxd4 21.Rxd4 fxg3 22.hxg3 h4
23.Nxh4 Nxh4 24.gxh4 Rxh4 25.f4 Ng6 26.e3 Qe7 27.Qd1 Kc7 28.Ng3 Rh2 29.Nf5 Qe6
30.Be4 Ba3 31.Bc2 Bc5 32.Rd8 Rxc2 33.Ra8 Rd2 34.Qxd2 Qxf5+ 35.Ka1 Bd6 36.Qxa5+ Qxa5
37.Rxa5 Ne7 38.Rh5 Kd7 39.Kb1 Nd5 40.Rh3 Ke6 41.Kc2 Nb4+ 42.Kc3 Nd5+ 43.Kd4 Bc7
44.Rh6+ f6 45.f5+ Ke7 46.e4 Be5+ 47.Kd3 Nc7 48.b4 Kd6 49.Rh8 b5 50.a5 Na6
51.Ra8 Nxb4+ 52.Kd2 Kc7 53.Ra7+ Kb8 54.Re7 Kc8 55.Kd1 c5 56.Re6 c4 57.a6 c3
58.Re8+ Kd7 59.Rxe5 Kc7 60.Rxb5 Nxa6 61.Kc2 Kc6 62.Rb3 Nc5 63.Rxc3 Kd6 64.Rc4 Nd7
65.Kd2 Ke5 66.Ke3 Nb6 67.Rc6  1-0

[Event "25th Open"]
[Site "Cappelle la Grande FRA"]
[Date "2009.03.07"]
[Round "9"]
[White "Friedel,J"]
[Black "Korobov,A"]
[Result "1/2-1/2"]
[WhiteElo "2511"]
[BlackElo "2613"]

1.e4 e5 2.Nf3 Nc6 3.Bb5 a6 4.Ba4 d6 5.O-O Bd7 6.d4 Nxd4 7.Bxd7+ Qxd7 8.Nxd4 exd4
9.Qxd4 Ne7 10.Nc3 Nc6 11.Qe3 Be7 12.Nd5 O-O 13.b3 Rae8 14.Bb2 Bd8 15.Rfe1 Re6
16.Qh3 Qe8 17.Qc3 f6 18.f3 Qf7 19.a4 Rfe8 20.Ne3 Ne5 21.Qd2 c6 22.Nf5 Bc7
23.c4 Rd8 24.Rad1 Bb6+ 25.Kh1 Qc7 26.Ba3 g6 27.Nd4 Ree8 28.Bb2 d5 29.cxd5 cxd5
30.exd5 Rxd5 31.Qe2 Qd7 32.Nc2 Rd8 33.Rxd5 Qxd5 34.Bxe5 fxe5 35.h3 Qxb3 36.Qxe5 Qf7
37.Qe4 h5 38.h4 Rc8 39.Qd3 Bf2 40.Re4 Bg3 41.Ne3 Rc1+ 42.Nf1 Kh7 43.Kg1 Bb8
44.g3 Bxg3 45.Rd4 Qf6 46.Qe3 Bd6 47.Rxd6 Rxf1+ 48.Kxf1 Qxd6 49.a5 Qf6 50.Qe4 Qc6
51.Qe7+ Kg8 52.Kg2 Qd5 53.Kg3 Qf7 54.Qd6 Kg7 55.Qe5+ Kh7 56.Qd6 Kg8 57.Qe5 Qd7
58.Kf4 Kf7 59.Kg3 Qe7 60.Qd5+ Kf6 61.Qg5+ Kf7 62.Qd5+ Kg7 63.Qd4+ Qf6 64.Qd7+ Kh6
65.Qc7 g5 66.hxg5+ Qxg5+ 67.Kh2 Qd5 68.Kg3 Kg6 69.f4 Kf6 70.Kh4 Kf5 71.Kg3 Qg8+
72.Kf2 h4 73.Qe5+ Kg4 74.f5 Qa2+ 75.Ke3 Qb3+ 76.Kd4 Qb4+ 77.Ke3 Qe1+ 78.Kd4 Qa1+
79.Ke4 Qb1+ 80.Kd4 Qxf5 81.Qg7+ Kh5 82.Qh8+ Kg5 83.Qg7+ Qg6 84.Qxb7 h3 85.Ke3 Qf6
86.Qf3 Qc3+ 87.Kf2 Qxa5 88.Qxh3 Qd2+ 89.Kf1 a5 90.Qe6 Qb4 91.Ke2 a4 92.Kd3 a3
93.Qe5+ Kg6 94.Kc2 Kf7 95.Qd5+ Ke7 96.Qb3 Qe4+ 97.Kc1 Qe1+ 98.Kc2 Qe2+ 99.Kb1  1/2-1/2

[Event "Synthesia Rapid Open"]
[Site "Pardubice CZE"]
[Date "2009.07.22"]
[Round "1"]
[White "Yakimenko,A"]
[Black "Korobov,A"]
[Result "0-1"]
[WhiteElo "2091"]
[BlackElo "2623"]

1.d4 Nf6 2.c4 g6 3.g3 Bg7 4.Bg2 O-O 5.Nf3 d6 6.O-O Nc6 7.Nc3 a6 8.Bg5 Rb8
9.Qd2 b5 10.cxb5 axb5 11.a3 Na5 12.Bxf6 exf6 13.Rad1 f5 14.d5 Nc4 15.Qc2 Bd7
16.Nd2 Nxd2 17.Qxd2 b4 18.axb4 Rxb4 19.Ra1 Qb8 20.Ra2 Qb6 21.e3 Rb8 22.Rb1 Rb3
23.Nd1 Be5 24.Bf1 Kg7 25.Rc1 Bb5 26.Bxb5 Qxb5 27.Rxc7 Rd3 28.Qe2 Qxd5 29.Ra1 Rd2
30.Qe1 h5 31.Nc3 Bxc3 32.bxc3 Rbb2 33.h4 Kg8 34.Rc8+ Kg7 35.Rc7 g5 36.hxg5 h4
37.gxh4 Qf3 38.Raa7 Rd1 39.Rxf7+ Kg6 40.Rf6+ Kh5 41.Rh6+ Kg4 42.Ra4+ Kh3
43.Ra1 Qg2+  0-1

[Event "Synthesia Rapid Open"]
[Site "Pardubice CZE"]
[Date "2009.07.22"]
[Round "3"]
[White "Klenburg,M"]
[Black "Korobov,A"]
[Result "1-0"]
[WhiteElo "2437"]
[BlackElo "2623"]

1.e4 e5 2.Nf3 Nc6 3.Bb5 a6 4.Ba4 d6 5.c3 Bd7 6.d4 Nge7 7.Be3 h6 8.Nbd2 g6
9.h4 Bg7 10.h5 g5 11.d5 Nb8 12.Bxd7+ Qxd7 13.c4 c6 14.Qb3 O-O 15.O-O-O b5
16.Kb1 c5 17.Nxg5 hxg5 18.Bxg5 Kh7 19.Rdg1 f6 20.Be3 Ra7 21.g4 Ng8 22.Nf3 bxc4
23.Qc2 Bh6 24.Qc1 Bxe3 25.Qxe3 Rb7 26.g5 fxg5 27.Nxg5+ Kh8 28.Ne6 Qf7 29.Nxf8 Qxf8
30.Rg6 Nd7 31.h6 Ndf6 32.Qf3 Rh7 33.Qf5 Qe7 34.f3 Ne8 35.Qg4 Ngf6 36.Qg5 a5
37.Rg1 Qf8 38.Qf5 Rf7 39.Qc8 a4 40.Qa8 a3 41.Qxa3 Rh7 42.Qe3 Rb7 43.Rc1 Qf7
44.Qg5 Nh7 45.Qg3 Nf8 46.Rg4 Nh7 47.Rxc4 Nhf6 48.Rg6 Qd7 49.Rc2 Qb5 50.Qf2 Qd3
51.Qe2 Qd4 52.Rd2 Qb4 53.Rg1 Rh7 54.Qe3 Rb7 55.Rdg2 c4 56.Rc1 Rc7 57.Rgc2 Kh7
58.b3 Rb7 59.Rxc4 Qa5 60.Rg1 Nh5 61.Qg5 Nef6 62.Qg6+ Kh8 63.Rc8+  1-0

[Event "Synthesia Rapid Open"]
[Site "Pardubice CZE"]
[Date "2009.07.23"]
[Round "4"]
[White "Korobov,A"]
[Black "Lorscheid,G"]
[Result "1-0"]
[WhiteElo "2623"]
[BlackElo "2345"]

1.d4 d6 2.Nf3 Nf6 3.c4 g6 4.Nc3 Bg7 5.e4 O-O 6.Be2 c5 7.d5 e6 8.O-O Re8 9.h3 exd5
10.exd5 Ne4 11.Nxe4 Rxe4 12.Bd3 Re8 13.Bg5 Qb6 14.Re1 Bd7 15.Rxe8+ Bxe8 16.Rb1 Nd7
17.Kh1 Ne5 18.Nxe5 Bxe5 19.f4 Bd4 20.f5 Bd7 21.Qf3 Re8 22.Rf1 Bxf5 23.g4  1-0

[Event "Synthesia Rapid Open"]
[Site "Pardubice CZE"]
[Date "2009.07.23"]
[Round "5"]
[White "Baryshpolets,A"]
[Black "Korobov,A"]
[Result "0-1"]
[WhiteElo "2426"]
[BlackElo "2623"]

1.d4 Nf6 2.c4 g6 3.Nf3 Bg7 4.g3 O-O 5.Bg2 d6 6.O-O Nc6 7.Nc3 a6 8.d5 Na5
9.Nd2 c5 10.Qc2 Rb8 11.b3 b5 12.Bb2 bxc4 13.bxc4 Rb4 14.a3 Rxc4 15.Nxc4 Nxc4
16.Ra2 Nxb2 17.Rxb2 Qa5 18.Rb3 Nd7 19.Rfb1 Ne5 20.Rb8 Nd7 21.R8b3 Ne5 22.Rb8 Qxa3
23.Na4 c4 24.Nb6 Qc5 25.Nxc8 Rxc8 26.Bh3 Rf8 27.Rxf8+ Bxf8 28.e4 h5 29.Rb8 Nf3+
30.Kh1 Qd4 31.Bf1 c3 32.Rc8 Nd2 33.Bd3 Qxf2 34.Qxc3 f6  0-1

[Event "Synthesia Rapid Open"]
[Site "Pardubice CZE"]
[Date "2009.07.23"]
[Round "7"]
[White "Panocki,A"]
[Black "Korobov,A"]
[Result "0-1"]
[WhiteElo "2369"]
[BlackElo "2623"]

1.d4 Nf6 2.Nf3 g6 3.g3 Bg7 4.Bg2 d6 5.O-O O-O 6.Nbd2 Nc6 7.b3 e5 8.dxe5 dxe5
9.Bb2 e4 10.Ng5 Bf5 11.Nc4 h6 12.Nh3 Qc8 13.Nf4 Rd8 14.Qc1 g5 15.Bxf6 Bxf6
16.Nh5 Bh8 17.f3 Bg6 18.g4 exf3 19.exf3 Bxh5 20.gxh5 Bxa1 21.Qxa1 Qd7 22.Kh1 Qd4
23.Qe1 Re8 24.Qg3 Qf4  0-1

[Event "Synthesia Rapid Open"]
[Site "Pardubice CZE"]
[Date "2009.07.23"]
[Round "8"]
[White "Korobov,A"]
[Black "Sergeev,Vl"]
[Result "1-0"]
[WhiteElo "2623"]
[BlackElo "2447"]

1.d4 Nf6 2.c4 c6 3.Nc3 d5 4.Nf3 dxc4 5.a4 a5 6.e4 Bg4 7.Be3 e6 8.Bxc4 Bb4
9.Qc2 Nbd7 10.Be2 Bh5 11.O-O O-O 12.Rad1 Qc7 13.e5 Nd5 14.Nxd5 exd5 15.Ng5 Bg6
16.Bd3 Rfe8 17.f4 h6 18.f5 Bh5 19.Nf3 f6 20.e6 Nb6 21.h3 Bxf3 22.Rxf3 Bd6
23.g4 Kf8 24.b3 Ke7 25.Kg2 Rh8 26.h4 Rag8 27.Rg1 Nc8 28.Kf1 Rh7 29.Bd2 Qb6
30.Bc3 Rgh8 31.Ke2 Ke8 32.Qd2 Bb4 33.Bxb4 Qxb4 34.Qxb4 axb4 35.a5 Nd6 36.a6 Kd8
37.axb7 Kc7 38.Ra1 Rb8 39.Rff1 Rhh8 40.Ke3 Rxb7 41.Kf4 Nc8 42.Ra8 Ra7 43.Rxa7+ Nxa7
44.Ra1 Kb6 45.Ra6+ Kb7 46.Ra4 Nb5 47.Rxb4 Kb6 48.Ra4 Rb8 49.Bxb5 cxb5 50.Ra1 Rc8
51.g5 hxg5+ 52.hxg5 Rh8 53.Kg4 Rh2 54.Re1 Rh8 55.e7 Re8 56.gxf6 gxf6 57.Kh5 Rh8+  1-0

[Event "Czech Open A"]
[Site "Pardubice CZE"]
[Date "2009.07.24"]
[Round "1"]
[White "Novotny,M1"]
[Black "Korobov,A"]
[Result "0-1"]
[WhiteElo "2300"]
[BlackElo "2623"]

1.e4 c5 2.Nf3 d6 3.c3 Nf6 4.Be2 Nbd7 5.d3 b6 6.O-O Bb7 7.Re1 e6 8.Nbd2 Be7
9.Bf1 O-O 10.d4 cxd4 11.cxd4 Rc8 12.e5 dxe5 13.dxe5 Nd5 14.Ne4 Nb4 15.Nc3 Bxf3
16.gxf3 Nc5 17.Qe2 Qd3 18.Rd1 Qf5 19.f4 Nc2 20.Rb1 Rfd8 21.Be3 g5 22.Qh5 Nxe3
23.fxe3 Nd3 24.Bh3 Qg6 25.Qxg6+ hxg6 26.Bf1 Nxb2 27.Rxd8+ Bxd8 28.Nb5 Na4
29.Rb4 Nc3 30.Nxa7 Rc5 31.Rd4 Be7 32.a4 Nd5 33.Bb5 Rc1+  0-1

[Event "Czech Open A"]
[Site "Pardubice CZE"]
[Date "2009.07.25"]
[Round "2"]
[White "Korobov,A"]
[Black "Cerveny,M"]
[Result "1-0"]
[WhiteElo "2623"]
[BlackElo "2380"]

1.d4 d5 2.c4 c6 3.Nc3 Nf6 4.Nf3 dxc4 5.a4 Bf5 6.Ne5 e6 7.e3 Bb4 8.Bxc4 O-O
9.O-O c5 10.Na2 Ba5 11.dxc5 Qxd1 12.Rxd1 Bc2 13.Rd4 Bc7 14.Nf3 a5 15.b3 Nc6
16.Rd2 Bg6 17.Nc3 Rfd8 18.Nb5 Be5 19.Nxe5 Nxe5 20.Bf1 Ne4 21.Rxd8+ Rxd8 22.Ba3 Rd2
23.f3 Nf2 24.h4 Bd3 25.Bc1 Rd1 26.Bb2 Rxf1+ 27.Rxf1 Bxf1 28.Bxe5 Bxb5 29.axb5 Nd3
30.c6  1-0

[Event "Czech Open A"]
[Site "Pardubice CZE"]
[Date "2009.07.26"]
[Round "3"]
[White "Baryshpolets,A"]
[Black "Korobov,A"]
[Result "1/2-1/2"]
[WhiteElo "2426"]
[BlackElo "2623"]

1.d4 Nf6 2.c4 e6 3.Nf3 b6 4.g3 Bb7 5.Bg2 Be7 6.O-O O-O 7.Re1 Qc8 8.Bg5 h6
9.Bxf6 Bxf6 10.e4 d6 11.Nc3 Nd7 12.Qc2 c6 13.e5 dxe5 14.dxe5 Be7 15.Rad1 Qc7
16.Qe2 Rad8 17.Nd4 a6 18.f4 c5 19.Nc2 Nb8 20.Bxb7 Qxb7 21.b3 Nc6 22.Rxd8 Rxd8
23.Rd1 Rxd1+ 24.Nxd1 b5 25.Qd3 bxc4 26.Qxc4 Na5 27.Qc3 Bd8 28.Nde3 Bb6 29.Qd3 c4
30.bxc4 Qc6 31.c5 Qxc5 32.Kg2 Qc6+ 33.Kh3 Qb7 34.Nd1 Nc6 35.Nc3 Ne7 36.Na4 Ba7
37.Nc3 g6 38.Ne4 Nd5 39.Nd4 Kg7 40.Nb3 Qb4 41.Nf6 Nxf6 42.exf6+ Kxf6 43.Qxa6 Bb6
44.Qe2 Kg7 45.Nd2 Bd4 46.Nf3 Bf6 47.Kg2 g5 48.fxg5 hxg5 49.h3 g4 50.hxg4 Qxg4
51.Ng1 Qa4 52.Nh3 Qd4  1/2-1/2

[Event "Czech Open A"]
[Site "Pardubice CZE"]
[Date "2009.07.28"]
[Round "5"]
[White "Samolins,V"]
[Black "Korobov,A"]
[Result "0-1"]
[WhiteElo "2420"]
[BlackElo "2623"]

1.e4 e6 2.d4 d5 3.exd5 exd5 4.Nf3 Nf6 5.Bd3 Be7 6.h3 O-O 7.Nc3 c5 8.dxc5 Bxc5
9.O-O h6 10.Bf4 Nc6 11.Qd2 Nb4 12.a3 Nxd3 13.Qxd3 Be6 14.Nd4 Rc8 15.Rad1 a6
16.Rfe1 Re8 17.Nxe6 fxe6 18.Bxh6 gxh6 19.Qg6+ Kh8 20.Nxd5 Ng8 21.Nf4 Qg5
22.Rd7 Bxf2+ 23.Kxf2 Qxf4+ 24.Kg1 Re7 25.Rxe7 Nxe7 26.Qxe6 Rxc2 27.Kh1 Ng8
28.b4 Rc1 29.Rxc1 Qxc1+ 30.Kh2 Qc7+ 31.Kg1 Qe7 32.Qg6 Qf6 33.Qe4 b5 34.Kh2 Ne7
35.h4 Kg7 36.Qg4+ Kf7 37.Qe4 Nf5 38.g3 h5 39.Qb7+ Kg6 40.Qc8 Nd4 41.Qg8+ Kh6
42.Qe8 Nf3+ 43.Kg2 Ne5 44.Qg8 Ng4 45.Qa2 Qc6+ 46.Kg1 Qc1+ 47.Kg2 Qc2+ 48.Kg1  0-1

[Event "Czech Open A"]
[Site "Pardubice CZE"]
[Date "2009.07.29"]
[Round "6"]
[White "Korobov,A"]
[Black "Potapov,Alexa1"]
[Result "1-0"]
[WhiteElo "2623"]
[BlackElo "2461"]

1.d4 d5 2.c4 c6 3.Nc3 Nf6 4.Nf3 e6 5.Bg5 h6 6.Bh4 dxc4 7.e4 g5 8.Bg3 b5 9.Be2 Bb7
10.h4 g4 11.Ne5 Nbd7 12.Nxg4 Nxg4 13.Bxg4 Qb6 14.O-O h5 15.Bxh5 Bg7 16.e5 O-O
17.Qg4 c5 18.dxc5 Nxc5 19.Rae1 Kh8 20.Re3 Nd3 21.Bf4 Qd4 22.Rxd3 cxd3 23.Nxb5 Qd7
24.Nd6 Bd5 25.Rd1 f5 26.Qg3 Rab8 27.Bg6 Rb4 28.Qg5 Kg8 29.Rxd3 Rxf4 30.Qxf4 Qc6
31.Rg3 Qc7 32.h5  1-0